[Event "West of England op"]
[Site "Exmouth"]
[Date "2009.04.10"]
[Round "1"]
[White "Stephens, John KF"]
[Black "Mills, Andrew"]
[Result "1-0"]
[WhiteElo "1936"]
[BlackElo "1376"]
[PlyCount "45"]
[EventDate "2009.04.10"]
[EventType "swiss"]
[EventRounds "7"]
[EventCountry "ENG"]
[SourceTitle "EXT 2011"]
[Source "ChessBase"]
[SourceDate "2010.11.26"]
[SourceVersion "1"]
[SourceVersionDate "2010.11.26"]
[SourceQuality "1"]

1. e4 c5 2. Nf3 d6 3. d4 cxd4 4. Nxd4 Nf6 5. Nc3 a6 6. Bg5 Nbd7 7. f4 e6 8. Qf3 Be7 9. 0-0-0 0-0 10. g4 Qc7 11. h4 h6 12. Bxf6 Nxf6 13. g5 Nh7 14. Bd3 b5 15. Rhg1 Bb7 16. gxh6 g6 17. h5 Kh8 18. hxg6 fxg6 19. Nxe6 Qd7 20. Nxf8 Nxf8 21. Nd5 Bxd5 22. exd5 Qe8 23. Qe3 1-0

[Event "West of England op"]
[Site "Exmouth"]
[Date "2003.04.18"]
[Round "1"]
[White "Mills, Andrew"]
[Black "Ponter, Ian"]
[Result "0-1"]
[WhiteElo "1776"]
[BlackElo "1904"]
[PlyCount "46"]
[EventDate "2003.04.18"]
[EventType "swiss"]
[EventRounds "7"]
[EventCountry "ENG"]
[SourceTitle "EXT 2005"]
[Source "ChessBase"]
[SourceDate "2004.11.15"]
[SourceVersion "1"]
[SourceVersionDate "2004.11.15"]
[SourceQuality "1"]

1. d4 d5 2. c4 e6 3. Nc3 Nf6 4. cxd5 exd5 5. Bg5 Be7 6. Bxf6 Bxf6 7. Nf3 0-0 8. e4 dxe4 9. Nxe4 Re8 10. Ne5 Bxe5 11. dxe5 Qxd1+ 12. Rxd1 Nc6 13. f4 f6 14. Bc4+ Kh8 15. 0-0 h6 16. exf6 Rxe4 17. f7 Bf5 18. Bd3 Rf8 19. Bxe4 Bxe4 20. Rfe1 Bg6 21. Re7 Rxf7 22. Rf1 Kh7 23. Rxc7 Rxc7 0-1